000 00292nam a22001337a 4500
008 170621b xxu||||| |||| 00| 0 eng d
020 _a0536006822
041 _aeng
080 _a32
100 _a20
101 _aSHP
245 _aMAKING PROGRESS IN RUSSIAN
_cDAVIS, P.A
942 _2udc
_cBK
999 _c18529
_d18529